[Event "Women's World Team Chess Championship"]
[Site "Khanty-Mansiysk, RUS."]
[Date "2017.06.24"]
[Round "7.10"]
[White "Tania Sachdev (IND)"]
[Black "Tan Zhongyi (CHN)"]
[Result "1/2-1/2"]
[BlackElo "2517"]
[WhiteElo "2408"]
[LiveChessVersion "1.4.8"]

1. d4 {[%clk 1:30:48]} Nf6 {[%clk 1:30:53]} 2. c4 {[%clk 1:31:11]} e6
{[%clk 1:31:15]} 3. Nf3 {[%clk 1:31:34]} b6 {[%clk 1:31:31]} 4. Nc3
{[%clk 1:31:57]} Bb7 {[%clk 1:31:46]} 5. a3 {[%clk 1:32:22]} Ne4 {[%clk 1:32:07]}
6. Nxe4 {[%clk 1:26:34]} Bxe4 {[%clk 1:32:32]} 7. Nd2 {[%clk 1:24:46]} Bb7
{[%clk 1:32:55]} 8. e4 {[%clk 1:23:58]} d6 {[%clk 1:31:26]} 9. Bd3
{[%clk 1:20:56]} e5 {[%clk 1:30:05]} 10. d5 {[%clk 1:20:46]} Nd7 {[%clk 1:29:48]}
11. b4 {[%clk 1:18:34]} a5 {[%clk 1:29:42]} 12. Bb2 {[%clk 1:15:34]} Be7
{[%clk 1:29:31]} 13. O-O {[%clk 1:13:17]} O-O {[%clk 1:29:53]} 14. Nb3
{[%clk 1:03:02]} axb4 {[%clk 1:30:12]} 15. axb4 {[%clk 1:03:28]} c6
{[%clk 1:24:21]} 16. Rxa8 {[%clk 0:45:07]} Qxa8 {[%clk 1:22:10]} 17. Qc2
{[%clk 0:43:54]} Qb8 {[%clk 1:21:14]} 18. Qe2 {[%clk 0:36:18]} Qc7
{[%clk 1:20:47]} 19. Ra1 {[%clk 0:35:17]} Ra8 {[%clk 1:20:47]} 20. Qd1
{[%clk 0:25:09]} Qc8 {[%clk 1:17:21]} 21. Rxa8 {[%clk 0:18:15]} Qxa8
{[%clk 1:17:42]} 22. Qa1 {[%clk 0:18:09]} Qxa1+ {[%clk 1:16:43]} 23. Nxa1
{[%clk 0:18:08]} c5 {[%clk 1:11:54]} 24. b5 {[%clk 0:16:48]} Bc8 {[%clk 1:11:45]}
1/2-1/2

[Event "Women's World Team Chess Championship"]
[Site "Khanty-Mansiysk, RUS."]
[Date "2017.06.24"]
[Round "7.11"]
[White "Lei Tingjie (CHN)"]
[Black "Karavade Eesha (IND)"]
[Result "1-0"]
[BlackElo "2388"]
[WhiteElo "2488"]
[LiveChessVersion "1.4.8"]

1. d4 {[%clk 1:30:59]} d5 {[%clk 1:30:30]} 2. c4 {[%clk 1:31:23]} e6
{[%clk 1:30:43]} 3. Nc3 {[%clk 1:30:57]} c6 {[%clk 1:30:59]} 4. e3
{[%clk 1:29:27]} Nf6 {[%clk 1:30:40]} 5. Nf3 {[%clk 1:29:17]} Nbd7
{[%clk 1:31:02]} 6. Be2 {[%clk 1:27:29]} Bd6 {[%clk 1:28:52]} 7. O-O
{[%clk 1:25:58]} O-O {[%clk 1:29:15]} 8. a4 {[%clk 1:25:54]} dxc4
{[%clk 1:21:39]} 9. Bxc4 {[%clk 1:26:16]} e5 {[%clk 1:21:55]} 10. Bb3
{[%clk 1:21:04]} exd4 {[%clk 1:09:22]} 11. exd4 {[%clk 1:21:14]} h6
{[%clk 1:09:09]} 12. Re1 {[%clk 1:10:43]} Nb6 {[%clk 1:05:29]} 13. Ne5
{[%clk 1:08:15]} Nbd5 {[%clk 1:04:25]} 14. Nxd5 {[%clk 1:02:10]} cxd5
{[%clk 0:57:29]} 15. Qd3 {[%clk 0:52:45]} Be6 {[%clk 0:56:39]} 16. f3
{[%clk 0:50:56]} Rc8 {[%clk 0:50:00]} 17. Bd2 {[%clk 0:51:06]} Re8
{[%clk 0:48:57]} 18. a5 {[%clk 0:49:19]} Qe7 {[%clk 0:43:23]} 19. Ba4
{[%clk 0:45:24]} Rf8 {[%clk 0:39:59]} 20. a6 {[%clk 0:40:32]} Qc7
{[%clk 0:35:11]} 21. Bb5 {[%clk 0:36:45]} Bxe5 {[%clk 0:29:00]} 22. dxe5
{[%clk 0:28:56]} Nd7 {[%clk 0:28:24]} 23. axb7 {[%clk 0:26:19]} Qxb7
{[%clk 0:25:22]} 24. Ba6 {[%clk 0:26:40]} Qb6+ {[%clk 0:23:39]} 25. Be3
{[%clk 0:25:31]} Nc5 {[%clk 0:19:37]} 26. Qb1 {[%clk 0:13:56]} Rcd8
{[%clk 0:16:08]} 27. b4 {[%clk 0:14:18]} d4 {[%clk 0:16:16]} 28. bxc5
{[%clk 0:14:45]} Qxb1 {[%clk 0:16:27]} 29. Raxb1 {[%clk 0:14:46]} dxe3
{[%clk 0:16:52]} 30. Rxe3 {[%clk 0:14:48]} Rd5 {[%clk 0:16:50]} 31. Rc1
{[%clk 0:14:08]} Rfd8 {[%clk 0:16:52]} 32. c6 {[%clk 0:10:52]} Rd1+
{[%clk 0:10:26]} 33. Re1 {[%clk 0:11:17]} Rxe1+ {[%clk 0:10:53]} 34. Rxe1
{[%clk 0:11:44]} Rd5 {[%clk 0:11:19]} 35. Rc1 {[%clk 0:07:19]} Ra5
{[%clk 0:11:44]} 36. Bd3 {[%clk 0:07:31]} Rxe5 {[%clk 0:07:09]} 37. c7
{[%clk 0:07:52]} Bc8 {[%clk 0:07:34]} 38. Rb1 {[%clk 0:08:17]} Re8
{[%clk 0:07:53]} 39. Rb8 {[%clk 0:08:43]} Rf8 {[%clk 0:08:17]} 40. Be4
{[%clk 0:38:20]} a5 {[%clk 0:33:49]} 41. Bb7 {[%clk 0:38:35]} Be6
{[%clk 0:31:18]} 42. c8=Q {[%clk 0:38:47]} Bxc8 {[%clk 0:31:42]} 43. Rxc8
{[%clk 0:39:14]} Rxc8 {[%clk 0:32:06]} 44. Bxc8 {[%clk 0:39:42]} Kf8
{[%clk 0:32:19]} 45. Bd7 {[%clk 0:40:01]} Ke7 {[%clk 0:32:43]} 46. Ba4
{[%clk 0:40:28]} Kd6 {[%clk 0:33:06]} 47. Kf2 {[%clk 0:40:56]} Kc5
{[%clk 0:33:29]} 48. Ke3 {[%clk 0:41:19]} Kb4 {[%clk 0:33:49]} 49. Be8
{[%clk 0:41:47]} 1-0

[Event "Women's World Team Chess Championship"]
[Site "Khanty-Mansiysk, RUS."]
[Date "2017.06.24"]
[Round "7.12"]
[White "Padmini Rout (IND)"]
[Black "Guo Qi (CHN)"]
[Result "1-0"]
[BlackElo "2417"]
[WhiteElo "2375"]
[LiveChessVersion "1.4.8"]

1. e4 {[%clk 1:30:54]} c6 {[%clk 1:30:40]} 2. d4 {[%clk 1:31:17]} d5
{[%clk 1:31:05]} 3. e5 {[%clk 1:31:42]} Bf5 {[%clk 1:31:29]} 4. Nf3
{[%clk 1:32:08]} e6 {[%clk 1:31:52]} 5. Be2 {[%clk 1:32:33]} Nd7 {[%clk 1:32:12]}
6. O-O {[%clk 1:32:49]} Ne7 {[%clk 1:32:36]} 7. Nbd2 {[%clk 1:33:11]} c5
{[%clk 1:32:57]} 8. c4 {[%clk 1:31:52]} a6 {[%clk 1:33:09]} 9. Re1
{[%clk 1:20:28]} Rc8 {[%clk 1:23:30]} 10. dxc5 {[%clk 1:13:03]} Nxc5
{[%clk 1:23:42]} 11. Nb3 {[%clk 1:13:16]} Nd7 {[%clk 1:08:46]} 12. Bd2
{[%clk 0:42:09]} dxc4 {[%clk 1:02:05]} 13. Na5 {[%clk 0:42:15]} Nd5
{[%clk 1:01:45]} 14. Nxc4 {[%clk 0:39:07]} Bc5 {[%clk 0:50:09]} 15. Bg5
{[%clk 0:33:20]} f6 {[%clk 0:42:37]} 16. exf6 {[%clk 0:33:01]} N7xf6
{[%clk 0:43:02]} 17. Bd3 {[%clk 0:17:20]} O-O {[%clk 0:39:03]} 18. Bxf5
{[%clk 0:17:45]} exf5 {[%clk 0:39:29]} 19. Qb3 {[%clk 0:17:42]} Kh8
{[%clk 0:38:54]} 20. Rad1 {[%clk 0:14:47]} Qc7 {[%clk 0:31:55]} 21. Nce5
{[%clk 0:07:43]} Qb6 {[%clk 0:24:54]} 22. Qxb6 {[%clk 0:06:25]} Bxb6
{[%clk 0:23:10]} 23. Nd7 {[%clk 0:05:40]} Nxd7 {[%clk 0:20:39]} 24. Rxd5
{[%clk 0:06:07]} Nc5 {[%clk 0:20:11]} 25. Be3 {[%clk 0:04:06]} Na4
{[%clk 0:14:08]} 26. Bxb6 {[%clk 0:04:10]} Nxb6 {[%clk 0:14:33]} 27. Rd6
{[%clk 0:02:29]} Na4 {[%clk 0:13:30]} 28. b3 {[%clk 0:01:32]} Nc5
{[%clk 0:13:52]} 29. h3 {[%clk 0:01:16]} Kg8 {[%clk 0:10:31]} 30. Nd4
{[%clk 0:00:55]} g6 {[%clk 0:10:19]} 31. Re5 {[%clk 0:00:42]} Ne4
{[%clk 0:07:48]} 32. Rd7 {[%clk 0:00:53]} Rf7 {[%clk 0:07:44]} 33. Rxf7
{[%clk 0:00:54]} Kxf7 {[%clk 0:08:09]} 34. g4 {[%clk 0:01:17]} Rd8
{[%clk 0:07:40]} 35. Nf3 {[%clk 0:01:24]} Kf6 {[%clk 0:07:24]} 36. Kg2
{[%clk 0:01:37]} h6 {[%clk 0:06:44]} 37. Ra5 {[%clk 0:01:37]} Nc3
{[%clk 0:04:16]} 38. Rc5 {[%clk 0:01:21]} Nd5 {[%clk 0:04:14]} 39. Kg3
{[%clk 0:01:28]} Ke6 {[%clk 0:03:26]} 40. Rc2 {[%clk 0:31:31]} Nf6
{[%clk 0:33:01]} 41. Rc7 {[%clk 0:24:52]} Ne4+ {[%clk 0:29:55]} 42. Kg2
{[%clk 0:24:51]} Nd6 {[%clk 0:30:17]} 43. g5 {[%clk 0:21:40]} hxg5
{[%clk 0:26:27]} 44. Nxg5+ {[%clk 0:22:05]} Ke5 {[%clk 0:25:02]} 45. Kg3
{[%clk 0:15:59]} Rc8 {[%clk 0:19:59]} 46. Nf7+ {[%clk 0:14:46]} Ke6
{[%clk 0:20:13]} 47. Rxc8 {[%clk 0:14:39]} Nxc8 {[%clk 0:20:39]} 48. Nd8+
{[%clk 0:15:04]} Ke5 {[%clk 0:17:53]} 49. Nxb7 {[%clk 0:15:16]} Ne7
{[%clk 0:18:05]} 50. Na5 {[%clk 0:13:55]} Nd5 {[%clk 0:18:07]} 51. Nc4+
{[%clk 0:10:39]} Kd4 {[%clk 0:18:18]} 52. h4 {[%clk 0:07:37]} Nb4
{[%clk 0:17:01]} 53. Kf4 {[%clk 0:05:09]} Nd3+ {[%clk 0:17:27]} 54. Kg5
{[%clk 0:05:05]} Nxf2 {[%clk 0:17:24]} 55. Kxg6 {[%clk 0:05:20]} f4
{[%clk 0:16:56]} 56. h5 {[%clk 0:05:00]} Ng4 {[%clk 0:16:45]} 57. Kf5
{[%clk 0:04:53]} Nf6 {[%clk 0:13:09]} 58. Kxf6 {[%clk 0:04:18]} f3
{[%clk 0:13:36]} 59. Nd2 {[%clk 0:04:39]} f2 {[%clk 0:14:03]} 60. Nf1
{[%clk 0:04:52]} Kd3 {[%clk 0:14:17]} 61. h6 {[%clk 0:05:11]} 1-0

[Event "Women's World Team Chess Championship"]
[Site "Khanty-Mansiysk, RUS."]
[Date "2017.06.24"]
[Round "7.13"]
[White "Pham Le Thao Nguyen (VIE)"]
[Black "Zatonskih Anna (USA)"]
[Result "1/2-1/2"]
[BlackElo "2417"]
[WhiteElo "2344"]
[LiveChessVersion "1.4.8"]

1. d4 {[%clk 1:30:52]} d5 {[%clk 1:30:55]} 2. Nf3 {[%clk 1:31:00]} Nf6
{[%clk 1:31:08]} 3. Bf4 {[%clk 1:31:02]} c5 {[%clk 1:31:02]} 4. e3
{[%clk 1:31:20]} Nc6 {[%clk 1:31:25]} 5. Nbd2 {[%clk 1:31:07]} Qb6
{[%clk 1:26:28]} 6. dxc5 {[%clk 1:30:39]} Qxb2 {[%clk 1:25:30]} 7. Rb1
{[%clk 1:30:56]} Qc3 {[%clk 1:23:53]} 8. Bb5 {[%clk 1:31:00]} e6 {[%clk 1:21:47]}
9. O-O {[%clk 1:30:35]} Be7 {[%clk 1:17:30]} 10. Nd4 {[%clk 1:19:06]} Bd7
{[%clk 0:55:48]} 11. N2b3 {[%clk 1:09:08]} O-O {[%clk 0:28:29]} 12. Bd3
{[%clk 0:38:11]} e5 {[%clk 0:05:49]} 13. Nb5 {[%clk 0:29:24]} Qb4
{[%clk 0:06:09]} 14. Bg5 {[%clk 0:28:47]} Rac8 {[%clk 0:03:40]} 15. h3
{[%clk 0:26:57]} h6 {[%clk 0:02:43]} 16. a3 {[%clk 0:22:35]} Qa4 {[%clk 0:03:01]}
17. Nc3 {[%clk 0:22:42]} Qxa3 {[%clk 0:02:50]} 18. Bxf6 {[%clk 0:22:25]} Bxf6
{[%clk 0:02:18]} 19. Nxd5 {[%clk 0:22:37]} Bg5 {[%clk 0:01:41]} 20. Ra1
{[%clk 0:21:01]} Qb2 {[%clk 0:02:03]} 21. Rb1 {[%clk 0:12:52]} Qa3
{[%clk 0:02:32]} 22. Ra1 {[%clk 0:11:17]} Qb2 {[%clk 0:03:00]} 23. Rb1
{[%clk 0:10:58]} 1/2-1/2

[Event "Women's World Team Chess Championship"]
[Site "Khanty-Mansiysk, RUS."]
[Date "2017.06.24"]
[Round "7.14"]
[White "Foisor Sabina-Francesca (USA)"]
[Black "Hoang Thi Bao Tram (VIE)"]
[Result "1/2-1/2"]
[BlackElo "2380"]
[WhiteElo "2331"]
[LiveChessVersion "1.4.8"]

1. d4 {[%clk 1:30:57]} d5 {[%clk 1:30:42]} 2. c4 {[%clk 1:31:17]} c6
{[%clk 1:30:52]} 3. Nf3 {[%clk 1:31:44]} Nf6 {[%clk 1:30:54]} 4. Nbd2
{[%clk 1:32:06]} g6 {[%clk 1:28:12]} 5. b3 {[%clk 1:31:44]} Bg7 {[%clk 1:28:17]}
6. Bb2 {[%clk 1:32:10]} O-O {[%clk 1:27:36]} 7. e3 {[%clk 1:32:27]} Ne4
{[%clk 1:24:12]} 8. Bd3 {[%clk 1:16:29]} Bf5 {[%clk 1:23:22]} 9. Qe2
{[%clk 1:13:08]} Nxd2 {[%clk 1:18:49]} 10. Nxd2 {[%clk 1:12:44]} Bxd3
{[%clk 1:19:01]} 11. Qxd3 {[%clk 1:13:11]} c5 {[%clk 1:18:10]} 12. O-O
{[%clk 1:03:22]} cxd4 {[%clk 1:10:41]} 13. exd4 {[%clk 0:58:19]} Nc6
{[%clk 1:09:42]} 14. c5 {[%clk 0:52:38]} Rc8 {[%clk 1:05:42]} 15. Nf3
{[%clk 0:47:16]} Re8 {[%clk 1:00:55]} 16. Rad1 {[%clk 0:45:35]} b6
{[%clk 1:00:26]} 17. Ba3 {[%clk 0:41:07]} bxc5 {[%clk 0:58:25]} 18. Bxc5
{[%clk 0:38:15]} Qd7 {[%clk 0:57:40]} 19. b4 {[%clk 0:33:04]} e6 {[%clk 0:53:04]}
20. a4 {[%clk 0:31:06]} Bf8 {[%clk 0:45:40]} 21. b5 {[%clk 0:30:05]} Na5
{[%clk 0:45:28]} 22. Ne5 {[%clk 0:30:14]} Qc7 {[%clk 0:43:53]} 23. Rc1
{[%clk 0:25:04]} Bd6 {[%clk 0:38:29]} 24. Ng4 {[%clk 0:21:02]} Red8
{[%clk 0:38:14]} 25. Rc3 {[%clk 0:06:36]} f5 {[%clk 0:35:18]} 26. Ne5
{[%clk 0:03:46]} Bxe5 {[%clk 0:35:29]} 27. dxe5 {[%clk 0:04:13]} Nc4
{[%clk 0:35:24]} 28. Bd4 {[%clk 0:03:11]} Qa5 {[%clk 0:35:24]} 29. h4
{[%clk 0:01:41]} Rd7 {[%clk 0:33:05]} 30. h5 {[%clk 0:01:58]} Qxa4
{[%clk 0:26:48]} 31. hxg6 {[%clk 0:02:18]} hxg6 {[%clk 0:27:12]} 32. Qg3
{[%clk 0:01:31]} Rg7 {[%clk 0:26:13]} 33. Qg5 {[%clk 0:01:45]} Qxb5
{[%clk 0:25:52]} 34. Ra1 {[%clk 0:01:21]} a5 {[%clk 0:23:35]} 35. Rh3
{[%clk 0:01:19]} Qb4 {[%clk 0:21:06]} 36. Rh6 {[%clk 0:01:05]} Qe7
{[%clk 0:20:22]} 37. Qf6 {[%clk 0:01:18]} Rf8 {[%clk 0:19:14]} 38. Qxe7
{[%clk 0:01:30]} Rxe7 {[%clk 0:19:35]} 39. Bc5 {[%clk 0:00:45]} Rg7
{[%clk 0:19:15]} 40. Bxf8 {[%clk 0:31:03]} Kxf8 {[%clk 0:49:39]} 41. f4
{[%clk 0:24:32]} Rb7 {[%clk 0:45:50]} 42. Rxg6 {[%clk 0:22:16]} Kf7
{[%clk 0:45:27]} 43. Rf6+ {[%clk 0:16:22]} Ke7 {[%clk 0:45:50]} 44. g4
{[%clk 0:12:44]} fxg4 {[%clk 0:46:09]} 45. Kg2 {[%clk 0:11:17]} Rb3
{[%clk 0:41:47]} 46. Rh1 {[%clk 0:10:24]} Rh3 {[%clk 0:40:54]} 47. Rxh3
{[%clk 0:06:34]} gxh3+ {[%clk 0:41:16]} 48. Kf3 {[%clk 0:06:09]} 1/2-1/2

[Event "Women's World Team Chess Championship"]
[Site "Khanty-Mansiysk, RUS."]
[Date "2017.06.24"]
[Round "7.15"]
[White "Vo Thi Kim Phung (VIE)"]
[Black "Yu Jennifer R (USA)"]
[Result "0-1"]
[BlackElo "2319"]
[WhiteElo "2378"]
[LiveChessVersion "1.4.8"]

1. d4 {[%clk 1:30:56]} d5 {[%clk 1:30:52]} 2. Nf3 {[%clk 1:31:19]} Nf6
{[%clk 1:31:12]} 3. g3 {[%clk 1:31:42]} c6 {[%clk 1:30:19]} 4. Bg2
{[%clk 1:31:59]} Bf5 {[%clk 1:30:00]} 5. O-O {[%clk 1:31:51]} e6 {[%clk 1:29:12]}
6. c4 {[%clk 1:31:37]} Nbd7 {[%clk 1:24:16]} 7. Nc3 {[%clk 1:31:03]} dxc4
{[%clk 1:19:39]} 8. Nh4 {[%clk 1:30:09]} Bg4 {[%clk 1:19:31]} 9. h3
{[%clk 1:29:23]} Bh5 {[%clk 1:19:55]} 10. g4 {[%clk 1:29:02]} Nd5
{[%clk 1:17:06]} 11. e4 {[%clk 1:18:34]} Nb4 {[%clk 1:04:33]} 12. Nf3
{[%clk 1:09:41]} Bg6 {[%clk 1:04:54]} 13. Be3 {[%clk 1:09:10]} Nd3
{[%clk 0:53:16]} 14. a3 {[%clk 0:57:58]} Nxb2 {[%clk 0:43:25]} 15. Qb1
{[%clk 0:58:12]} Qb6 {[%clk 0:43:33]} 16. Nd2 {[%clk 0:57:09]} h5
{[%clk 0:37:24]} 17. gxh5 {[%clk 0:49:51]} Rxh5 {[%clk 0:36:14]} 18. Qc2
{[%clk 0:49:59]} c5 {[%clk 0:26:26]} 19. dxc5 {[%clk 0:33:46]} Bxc5
{[%clk 0:26:47]} 20. Rab1 {[%clk 0:31:24]} Bxe3 {[%clk 0:24:41]} 21. Rxb2
{[%clk 0:30:42]} Qc5 {[%clk 0:22:46]} 22. Rb5 {[%clk 0:23:17]} Qxa3
{[%clk 0:17:21]} 23. Nxc4 {[%clk 0:21:10]} Qa6 {[%clk 0:15:22]} 24. Rxh5
{[%clk 0:19:17]} Bxh5 {[%clk 0:15:48]} 25. Nxe3 {[%clk 0:19:11]} Rc8
{[%clk 0:16:09]} 26. Qb2 {[%clk 0:18:24]} Rc5 {[%clk 0:11:33]} 27. Ra1
{[%clk 0:13:59]} Qd3 {[%clk 0:07:11]} 28. Ncd1 {[%clk 0:13:18]} Rg5
{[%clk 0:05:03]} 29. Qxb7 {[%clk 0:08:33]} Bf3 {[%clk 0:05:29]} 30. Qb1
{[%clk 0:04:00]} Bxg2 {[%clk 0:04:08]} 31. Nxg2 {[%clk 0:04:02]} Qxh3
{[%clk 0:04:33]} 32. Nde3 {[%clk 0:04:21]} Rh5 {[%clk 0:04:52]} 33. f4
{[%clk 0:03:05]} a5 {[%clk 0:02:51]} 34. Kf2 {[%clk 0:03:04]} g5 {[%clk 0:02:01]}
35. f5 {[%clk 0:02:27]} g4 {[%clk 0:02:27]} 36. Ke2 {[%clk 0:00:37]} Qf3+
{[%clk 0:02:26]} 37. Kd3 {[%clk 0:01:00]} exf5 {[%clk 0:02:36]} 38. exf5
{[%clk 0:00:35]} Rxf5 {[%clk 0:02:43]} 39. Qe1 {[%clk 0:00:50]} Re5
{[%clk 0:01:16]} 40. Rxa5 {[%clk 0:30:44]} Qe4+ {[%clk 0:31:39]} 41. Kc3
{[%clk 0:16:37]} Rxa5 {[%clk 0:31:54]} 42. Nc4 {[%clk 0:14:34]} Qxe1+
{[%clk 0:31:21]} 43. Nxe1 {[%clk 0:15:02]} Ra1 {[%clk 0:30:34]} 44. Ng2
{[%clk 0:14:53]} Ra2 {[%clk 0:29:29]} 45. Nce3 {[%clk 0:13:50]} Rf2
{[%clk 0:28:22]} 46. Kd4 {[%clk 0:11:26]} g3 {[%clk 0:25:41]} 47. Nh4
{[%clk 0:11:32]} Rf4+ {[%clk 0:26:02]} 0-1

[Event "Women's World Team Chess Championship"]
[Site "Khanty-Mansiysk, RUS."]
[Date "2017.06.24"]
[Round "7.16"]
[White "Gorti Akshita (USA)"]
[Black "Nguyen Thi Mai Hung (VIE)"]
[Result "0-1"]
[BlackElo "2301"]
[WhiteElo "2240"]
[LiveChessVersion "1.4.8"]

1. d4 {[%clk 1:30:57]} d5 {[%clk 1:30:54]} 2. c4 {[%clk 1:31:19]} c6
{[%clk 1:31:11]} 3. Nf3 {[%clk 1:31:42]} Nf6 {[%clk 1:31:29]} 4. e3
{[%clk 1:32:04]} Bf5 {[%clk 1:31:44]} 5. Nc3 {[%clk 1:32:17]} e6 {[%clk 1:32:08]}
6. Nh4 {[%clk 1:32:31]} Be4 {[%clk 1:32:19]} 7. f3 {[%clk 1:32:35]} Bg6
{[%clk 1:32:42]} 8. Qb3 {[%clk 1:32:46]} Qc7 {[%clk 1:33:02]} 9. Bd2
{[%clk 1:32:30]} Nbd7 {[%clk 1:33:19]} 10. cxd5 {[%clk 1:29:20]} Nxd5
{[%clk 1:33:27]} 11. Nxd5 {[%clk 1:17:56]} exd5 {[%clk 1:32:12]} 12. e4
{[%clk 1:15:36]} dxe4 {[%clk 1:26:54]} 13. Nxg6 {[%clk 1:15:56]} hxg6
{[%clk 1:27:09]} 14. fxe4 {[%clk 1:16:11]} Nf6 {[%clk 1:21:39]} 15. e5
{[%clk 1:10:02]} Nd5 {[%clk 1:21:31]} 16. Bd3 {[%clk 1:07:08]} a5
{[%clk 1:11:48]} 17. a3 {[%clk 1:01:36]} Rh4 {[%clk 1:01:41]} 18. Bc3
{[%clk 0:50:26]} Be7 {[%clk 0:50:07]} 19. g3 {[%clk 0:48:40]} Rh6
{[%clk 0:48:49]} 20. Bd2 {[%clk 0:47:48]} Rh8 {[%clk 0:43:48]} 21. O-O-O
{[%clk 0:46:17]} Qb6 {[%clk 0:37:07]} 22. Qxb6 {[%clk 0:34:51]} Nxb6
{[%clk 0:37:30]} 23. Rdf1 {[%clk 0:34:02]} Nd5 {[%clk 0:32:33]} 24. e6
{[%clk 0:31:20]} Bf6 {[%clk 0:26:57]} 25. exf7+ {[%clk 0:28:47]} Kxf7
{[%clk 0:27:15]} 26. g4 {[%clk 0:29:05]} Rh3 {[%clk 0:26:02]} 27. Kc2
{[%clk 0:16:15]} g5 {[%clk 0:18:52]} 28. Bxg5 {[%clk 0:12:59]} Kg8
{[%clk 0:18:54]} 29. Bc1 {[%clk 0:09:39]} Bxd4 {[%clk 0:18:20]} 30. g5
{[%clk 0:08:33]} Re8 {[%clk 0:14:02]} 31. g6 {[%clk 0:07:22]} Bf6
{[%clk 0:12:30]} 32. Rf2 {[%clk 0:05:45]} Re5 {[%clk 0:07:26]} 33. Rf5
{[%clk 0:01:33]} Kf8 {[%clk 0:04:15]} 34. Rxe5 {[%clk 0:01:06]} Bxe5
{[%clk 0:04:43]} 35. Bd2 {[%clk 0:00:36]} b6 {[%clk 0:03:03]} 36. b4
{[%clk 0:00:43]} axb4 {[%clk 0:03:22]} 37. axb4 {[%clk 0:01:05]} Ke7
{[%clk 0:02:49]} 38. Be4 {[%clk 0:00:50]} Kd6 {[%clk 0:02:33]} 39. Rd1
{[%clk 0:00:36]} Rxh2 {[%clk 0:02:50]} 40. Kb3 {[%clk 0:30:42]} b5
{[%clk 0:32:20]} 41. Bd3 {[%clk 0:20:57]} Ke6 {[%clk 0:30:27]} 42. Be4
{[%clk 0:18:40]} Rh4 {[%clk 0:26:27]} 43. Re1 {[%clk 0:18:18]} Kd6
{[%clk 0:26:17]} 44. Kc2 {[%clk 0:15:46]} Rh2 {[%clk 0:25:06]} 45. Kd3
{[%clk 0:15:23]} Rxd2+ {[%clk 0:25:11]} 0-1

[Event "Women's World Team Chess Championship"]
[Site "Khanty-Mansiysk, RUS."]
[Date "2017.06.24"]
[Round "7.17"]
[White "Mamedjarova Zeinab (AZE)"]
[Black "Dzagnidze Nana (GEO)"]
[Result "0-1"]
[BlackElo "2533"]
[WhiteElo "2289"]
[LiveChessVersion "1.4.8"]

1. d4 {[%clk 1:30:50]} Nf6 {[%clk 1:30:38]} 2. Nf3 {[%clk 1:31:13]} d5
{[%clk 1:30:58]} 3. e3 {[%clk 1:31:36]} c5 {[%clk 1:31:05]} 4. Bd3
{[%clk 1:30:31]} Nc6 {[%clk 1:30:41]} 5. O-O {[%clk 1:27:54]} Bg4
{[%clk 1:30:08]} 6. Be2 {[%clk 1:17:00]} e6 {[%clk 1:28:41]} 7. Nbd2
{[%clk 1:14:57]} Rc8 {[%clk 1:26:25]} 8. a3 {[%clk 1:09:17]} c4 {[%clk 1:20:16]}
9. Ne5 {[%clk 1:03:11]} Bxe2 {[%clk 1:13:25]} 10. Qxe2 {[%clk 1:03:14]} Nxe5
{[%clk 1:13:17]} 11. dxe5 {[%clk 1:03:38]} Nd7 {[%clk 1:13:45]} 12. f4
{[%clk 0:44:04]} c3 {[%clk 0:59:00]} 13. Nb3 {[%clk 0:35:43]} Qc7
{[%clk 0:40:19]} 14. bxc3 {[%clk 0:23:50]} Qxc3 {[%clk 0:40:09]} 15. Rb1
{[%clk 0:18:25]} Be7 {[%clk 0:13:55]} 16. Nd4 {[%clk 0:15:32]} b6
{[%clk 0:11:39]} 17. f5 {[%clk 0:12:59]} Nxe5 {[%clk 0:11:58]} 18. Qb5+
{[%clk 0:11:28]} Nc6 {[%clk 0:12:22]} 19. fxe6 {[%clk 0:10:54]} f6
{[%clk 0:11:40]} 20. Qxd5 {[%clk 0:08:26]} O-O {[%clk 0:10:46]} 21. Nf5
{[%clk 0:04:41]} Rfd8 {[%clk 0:07:10]} 22. Qf3 {[%clk 0:04:53]} Qc4
{[%clk 0:05:07]} 23. Qg3 {[%clk 0:04:42]} g6 {[%clk 0:05:31]} 24. Bb2
{[%clk 0:02:14]} Qxe6 {[%clk 0:05:25]} 25. Nxe7+ {[%clk 0:01:33]} Nxe7
{[%clk 0:05:54]} 26. Rxf6 {[%clk 0:01:30]} Qe4 {[%clk 0:06:11]} 27. Rbf1
{[%clk 0:00:45]} Rxc2 {[%clk 0:06:35]} 28. Bd4 {[%clk 0:00:51]} Nc6
{[%clk 0:06:23]} 29. R6f4 {[%clk 0:00:34]} Nxd4 {[%clk 0:06:45]} 30. exd4
{[%clk 0:00:38]} Qd5 {[%clk 0:07:09]} 31. h4 {[%clk 0:00:38]} Rc4
{[%clk 0:05:50]} 32. h5 {[%clk 0:00:45]} Qxh5 {[%clk 0:03:37]} 33. Qe3
{[%clk 0:01:12]} Qd5 {[%clk 0:03:23]} 34. Qe7 {[%clk 0:01:27]} Rcc8
{[%clk 0:03:52]} 35. R1f3 {[%clk 0:00:33]} a5 {[%clk 0:03:01]} 36. Kh1
{[%clk 0:00:34]} Re8 {[%clk 0:02:43]} 37. Qf6 {[%clk 0:00:35]} Qe6
{[%clk 0:02:12]} 38. Qg5 {[%clk 0:00:35]} Rcd8 {[%clk 0:01:52]} 39. Kh2
{[%clk 0:00:33]} Rd5 {[%clk 0:02:07]} 40. Qg3 {[%clk 0:30:34]} Qd6
{[%clk 0:31:56]} 41. Rf1 {[%clk 0:15:57]} Rxd4 {[%clk 0:25:57]} 42. Rxd4
{[%clk 0:10:36]} Qxd4 {[%clk 0:26:22]} 43. Qb3+ {[%clk 0:10:36]} Kh8
{[%clk 0:26:49]} 44. Rf3 {[%clk 0:05:44]} Qh4+ {[%clk 0:25:39]} 45. Rh3
{[%clk 0:06:00]} Qf4+ {[%clk 0:26:07]} 46. Rg3 {[%clk 0:05:29]} Re5
{[%clk 0:24:23]} 47. Qc3 {[%clk 0:02:28]} Kg8 {[%clk 0:23:39]} 48. Kg1
{[%clk 0:01:28]} Rc5 {[%clk 0:22:53]} 49. Qd3 {[%clk 0:00:42]} Qc1+
{[%clk 0:20:43]} 50. Kh2 {[%clk 0:00:50]} Qh6+ {[%clk 0:17:57]} 51. Rh3
{[%clk 0:01:08]} Qf4+ {[%clk 0:18:15]} 52. Rg3 {[%clk 0:01:01]} Kg7
{[%clk 0:18:11]} 53. Kg1 {[%clk 0:00:39]} Qc1+ {[%clk 0:18:29]} 54. Kh2
{[%clk 0:00:58]} Qh6+ {[%clk 0:18:55]} 55. Kg1 {[%clk 0:00:36]} Qc1+
{[%clk 0:16:35]} 56. Kh2 {[%clk 0:00:59]} Rh5+ {[%clk 0:17:00]} 57. Rh3
{[%clk 0:01:26]} Qf4+ {[%clk 0:17:24]} 58. Kh1 {[%clk 0:01:27]} Rxh3+
{[%clk 0:17:04]} 59. gxh3 {[%clk 0:01:48]} h5 {[%clk 0:15:12]} 60. Qd7+
{[%clk 0:01:26]} Kh6 {[%clk 0:13:10]} 61. Qd8 {[%clk 0:00:57]} h4
{[%clk 0:08:48]} 62. Qh8+ {[%clk 0:00:44]} Kg5 {[%clk 0:09:17]} 63. Qd8+
{[%clk 0:00:56]} Qf6 {[%clk 0:09:39]} 64. Qd2+ {[%clk 0:01:06]} Kh5
{[%clk 0:10:08]} 65. Qe3 {[%clk 0:00:34]} b5 {[%clk 0:06:25]} 66. Qe2+
{[%clk 0:00:39]} Kh6 {[%clk 0:06:53]} 67. Qd2+ {[%clk 0:00:34]} g5
{[%clk 0:07:19]} 68. Qd3 {[%clk 0:00:32]} b4 {[%clk 0:06:50]} 69. axb4
{[%clk 0:00:56]} axb4 {[%clk 0:07:18]} 70. Qb3 {[%clk 0:00:51]} Qf1+
{[%clk 0:07:07]} 71. Kh2 {[%clk 0:01:16]} Qf2+ {[%clk 0:07:30]} 72. Kh1
{[%clk 0:01:43]} Qe1+ {[%clk 0:07:56]} 73. Kh2 {[%clk 0:02:01]} Qg3+
{[%clk 0:08:20]} 0-1